000 00669nam a22001937a 4500
005 20250513125929.0
008 250513b |||||||| |||| 00| 0 eng d
020 _a0521078261
037 _cTextual
040 _aRTL
_cRTL
084 _aR2, L0/NTI
_qRTL
100 _aLakatos, Imre
_9784182
245 _aCriticism and the growth of knowledge: proceeding of the international colloquium in the philosophy of science, London,1965
260 _aLondon
_bCambridge university press
_c1970
300 _aii,282 p.
_bincludes bibliographical references and indexes
490 _vVol. 4
700 _aMusgrave, Alan
_9784183
942 _2CC
_cTB
_hR2, L0/NTI
_n0
999 _c1400783
_d1400783